01014 a2200205 45000010006000000050017000060080041000230030015000640400040000790800104001192450059002230200018002822500012003002640033003123000019003455050317003640410008006811000024006898560095007134108620260407155704.0260407a2005 arg spa dAR-UNSa-BCEJYS aAR-UNSa-BCEJYSbspacAR-UNSa-BCEJYS a347.736xQuiebra. Insolvencia. Suspensión de pagos. Bancarrota, procedimientos. Derecho Concursal10aHonorarios en los concursospsegún la jurisprudencia a950-894-516-8 a2a. ed. 1aBuenos Aires :bAD-HOCc2005 a138 p.c23 cm. a1. Oportunidad de la regulación - 2. Fuero de atracción - 3. Retribucción desproporcionada: apartamiento de los mínimos legales - 4. Convenio de honorarios - 5. Concurso preventivo - 6. Quiebra liquidada - 7. Pedido de quiebra - 8. Levantamiento sin trámite de la quiebra - 9. Extensión de la quiebra aspa1 aAmadeo, José Luis41uhttps://biblioeco.unsa.edu.ar/pmb/images/libros/L126353.jpgyImagen de portadaqimage/jpeg